Edoardo 2. /

Đã lưu trong:
Chi tiết về thư mục
Tác giả chính: Fisher Turner, Simon (Nhà soạn nhạc)
Tác giả khác: Jarman, Derek (Giám đốc, Người viết kịch bản), McBride, Stephen (sceneggiatore) (Người viết kịch bản), Terry, Nigel (Diễn viên), Tiernan, Andrew (Diễn viên), Butler, Ken (Người viết kịch bản), Waddington, Steven (Diễn viên)
Định dạng: Slide
Ngôn ngữ:Tiếng Italy
Tiếng Anh
Được phát hành: [Campi Bisenzio! : Dolmen home video, [2004?! - 1 DVD
Các nhãn: Thêm thẻ
Không có thẻ, Là người đầu tiên thẻ bản ghi này!

MARC

LEADER 00000ngm a22000007ib4500
001 IT\ICCU\UBO\2437099
003 ItRI
005 20260124182818.0
008 040507s2004 it |||||||||||||||k|||||c
028 4 2 |a PSV8032 
040 |b ita 
041 7 |a ita  |a eng  |2 ISO-639-2 
130 0 |a Edward 2. <film ; 1991>  |3 IT\ICCU\TO0\1331594 
245 0 0 |a Edoardo 2. /  |c un film di Derek Jarman ; sceneggiatura Ken Butler, Derek Jarman, Stephen McBride ; compositore musiche Simon Fisher Turner. 
246 1 3 |a Edoardo 2. <risorsa elettronica>  |9 IT\ICCU\LO1\0883303 
260 |a [Campi Bisenzio! :  |b Dolmen home video,  |c [2004?! - 1 DVD  |e (90 min.) :  |f sonoro (Dolby digital 2.0) 
500 |a Codice area: 2; formato video 16/9 anamorfico 1.66:1; supporto a doppio strato 
500 |a Tit. del contenitore 
500 |a Ripr. del film del 1991, prod. Gran Bretagna; interpreti: Steven Waddington, Andrew Tiernan, Nigel Terry ; dalla tragedia omonima di Christopher Marlowe 
500 |a Vietato ai minori di 14 anni 
500 |a Lingue: italiano, inglese; sottotitoli in italiano per non udenti 
500 |a Contienuti speciali: filmografie, galleria fotografica. 
700 1 |a Marlowe, Christopher  |0 IT\ICCU\CFIV\006323  |4 ant 
700 1 |a Jarman, Derek  |0 IT\ICCU\LO1V\087465  |4 drt 
700 1 |a Jarman, Derek  |0 IT\ICCU\LO1V\087465  |4 sce 
700 1 |a McBride, Stephen  |c  (sceneggiatore)  |0 IT\ICCU\PARV\578633  |4 sce 
700 1 |a Terry, Nigel  |0 IT\ICCU\RAVV\094505  |4 act 
700 1 |a Tiernan, Andrew  |0 IT\ICCU\RAVV\375689  |4 act 
700 1 |a Butler, Ken  |0 IT\ICCU\UBOV\499746  |4 sce 
700 1 |a Fisher Turner, Simon  |0 IT\ICCU\UBOV\718815  |4 cmp 
700 1 |a Waddington, Steven  |0 IT\ICCU\UBOV\876127  |4 act 
773 0 |w IT\ICCU\UBO\2569722  |t Collezione Derek Jarman 
790 1 |a Marlowe, Cristoforo  |3 IT\ICCU\BVEV\267304  |z Marlowe, Christopher 
942 |2 ddc  |c VM  |n 0 
952 |0 0  |1 0  |4 0  |6 VO_1065_000000000000000  |7 0  |9 26721  |a BO  |b BO  |d 2026-01-24  |i 8680  |l 0  |o VO 1065  |p BO8680  |r 2026-01-24 18:28:18  |w 2026-01-24  |x [Sebina 5] [1 dvd]  |y VM  |z 1 dvd 
952 |0 0  |1 0  |4 0  |6 VO_2278_000000000000000  |7 0  |9 26722  |a BO  |b BO  |d 2026-01-24  |i 18507  |l 0  |o VO 2278  |p BO18507  |r 2026-01-24 18:28:18  |w 2026-01-24  |x [Sebina 5] [1 dvd]  |y VM  |z 1 dvd 
952 |0 0  |1 0  |4 0  |6 VO_1749_000000000000000  |7 0  |9 26723  |a BO  |b BO  |d 2026-01-24  |i 13661  |l 0  |o VO 1749  |p BO13661  |r 2026-01-24 18:28:18  |w 2026-01-24  |x [Sebina 5] [1 dvd]  |y VM  |z 1 dvd 
999 |c 22600  |d 22600